| 000 | 00601nam a2200181 i 4500 | ||
|---|---|---|---|
| 003 | IT-RoINE | ||
| 005 | 20190311093034.0 | ||
| 008 | 900725s1945 sp a r | spa d | ||
| 040 |
_aSpMaBN _bspa _cA2 IT-RoINE _dIT-RoINE |
||
| 245 | 1 | 0 |
_aDatos complementarios para la historia de España : _bGuerra de Liberación 1936-1939. |
| 260 |
_aMadrid : _b[s.n.], _c1945. |
||
| 300 |
_a384 p., 2 h., [90] h. de lám. ; _c26 cm. |
||
| 336 |
_2rdacontent _atext |
||
| 337 |
_2rdamedia _aunmediated |
||
| 338 |
_2rdacarrier _avolume |
||
| 651 | 4 |
_aEspaña _xHistoria _y1936-1939 (Guerra civil) _97494 |
|
| 942 | _cMTS | ||
| 999 |
_c29498 _d29498 |
||